Leggi, magistrature, archivi: repertorio di fonti normative ed archivistiche per la storia della giustizia criminale a Siena nel Settecento
| Contributors: | ; |
|---|---|
| Format: | Print Book |
| Language: | Italian |
| Published: |
Milano
Giuffrè
1990
|
| In: |
La Leopoldina (13)
Year: 1990 |
| Availability in Tübingen: | Present in Tübingen. UB: KB 18 A 8068 |
| Check availability: | HBZ Gateway |
| Subito Delivery Service: | Order now. |
| Keywords: |
MARC
| LEADER | 00000cam a2200000 c 4500 | ||
|---|---|---|---|
| 001 | 1093979968 | ||
| 003 | DE-627 | ||
| 005 | 20251224220529.0 | ||
| 007 | tu | ||
| 008 | 910423s1990 it ||||| b 00| ||ita c | ||
| 035 | |a (DE-627)1093979968 | ||
| 035 | |a (DE-576)023979968 | ||
| 035 | |a (DE-599)BSZ023979968 | ||
| 035 | |a (OCoLC)22707351 | ||
| 035 | |a (DE-604)8045701490 | ||
| 040 | |a DE-627 |b ger |c DE-627 |e rakwb | ||
| 041 | |a ita | ||
| 044 | |c XA-IT | ||
| 082 | 0 | |a 344.505509 | |
| 082 | 0 | |a 345.45/05/09 | |
| 245 | 0 | 0 | |a Leggi, magistrature, archivi |b repertorio di fonti normative ed archivistiche per la storia della giustizia criminale a Siena nel Settecento |c a cura di Sonia Adorni Fineschi e Carla Zarrilli |
| 264 | 1 | |a Milano |b Giuffrè |c 1990 | |
| 300 | |a IX, 357 S. | ||
| 336 | |a Text |b txt |2 rdacontent | ||
| 337 | |a ohne Hilfsmittel zu benutzen |b n |2 rdamedia | ||
| 338 | |a Band |b nc |2 rdacarrier | ||
| 490 | 1 | |a La Leopoldina |v 13 | |
| 583 | 1 | |a Archivierung prüfen |c 20200919 |f DE-640 |z 2 |2 pdager | |
| 655 | 7 | |a Bibliografie |0 (DE-588)4006432-3 |0 (DE-627)104814519 |0 (DE-576)208865578 |2 gnd-content | |
| 689 | 0 | 0 | |d g |0 (DE-588)4054903-3 |0 (DE-627)106160591 |0 (DE-576)209111135 |a Siena |2 gnd |
| 689 | 0 | 1 | |d s |0 (DE-588)4057789-2 |0 (DE-627)106149466 |0 (DE-576)209123729 |a Strafgerichtsbarkeit |2 gnd |
| 689 | 0 | 2 | |a z |2 gnd |a Geschichte 1535-1800 |
| 689 | 0 | |5 (DE-627) | |
| 700 | 1 | |8 1\p |a Adorni Fineschi, Sonia |0 (DE-588)1158143451 |0 (DE-627)1021848026 |0 (DE-576)503690805 |4 oth | |
| 700 | 1 | |a Zarrilli, Carla |4 oth | |
| 830 | 3 | |a La Leopoldina |v 13 |9 13 |w (DE-627)1090160054 |w (DE-576)020160054 |7 am | |
| 883 | |8 1\p |a cgwrk |d 20241001 |q DE-101 |u https://d-nb.info/provenance/plan#cgwrk | ||
| 951 | |a BO | ||
| ELC | |b 1 | ||
| LOK | |0 000 xxxxxcx a22 zn 4500 | ||
| LOK | |0 001 216343673X | ||
| LOK | |0 003 DE-627 | ||
| LOK | |0 004 1093979968 | ||
| LOK | |0 005 20151015191634 | ||
| LOK | |0 008 910717||||||||||||||||ger||||||| | ||
| LOK | |0 040 |a DE-21 |c DE-627 |d DE-21 | ||
| LOK | |0 852 |a DE-21 | ||
| LOK | |0 852 1 |c KB 18 A 8068 |9 00 | ||
| LOK | |0 935 |a krim | ||
| LOK | |0 939 |a 17-07-91 |b l01 | ||
| ORI | |a SA-MARC-krimdoka001.raw | ||
| SIG | |a UB: KB 18 A 8068 | ||
| TIM | |a 100015350101_100018001231 |b Geschichte 1535-1800 | ||
